|
|
|
|
| LEADER |
00000naa a2200000uu 4500 |
| 001 |
vtls010945110 |
| 003 |
SK-MaSNL |
| 005 |
20260302121758.0 |
| 008 |
210902|1998 xo |||||||||||||||||ger| |
| 015 |
|
|
|a SNBRA
|
| 035 |
|
|
|a (urnnbn)urn:nbn:sk:snk:ar-a0bezs
|
| 035 |
|
|
|a (uuid)8a8e9bcb-f338-4e3c-94c1-4f6cfbf38215
|
| 035 |
|
|
|a urn:nbn:sk:snk-aau76i
|
| 040 |
|
|
|a SNKBUCL
|b slo
|c SNKBUCL
|e AACR2
|
| 041 |
0 |
|
|a ger
|
| 044 |
|
|
|a xo
|c SK
|
| 100 |
1 |
|
|a Jutta Braun-von der Brelie
|4 aut
|9 804323
|
| 245 |
1 |
0 |
|a Social assistance benefits/Sozialhilfe in der Bundesrepublik Deutschland
|c Jutta Braun-Von Der Brelie
|
| 773 |
0 |
|
|t The international conference on the social protection of family in the conditions of the social sphere transformation, Slovak Republic, High Tatras 8-12 June 1997
|d Bratislava : Research Institute of Labour, Social Affairs and Family, 1998
|g S. 216-220
|z 8071380903
|
| 958 |
|
|
|a OND
|
| 958 |
|
|
|a article11
|
| 958 |
|
|
|a chapter
|
| 999 |
|
|
|c 1275310
|d 1277240
|